Statistics for Map Asia Flags

Click here to take the quiz!

General Stats

  • This quiz has been taken 62 times
  • The average score is 32 of 49

Answers on the Map

Answers color-coded by a green-red scale on the quiz's map according to % correct below.
 

Answer Stats

Answer% Correct
82%
82%
79%
79%
79%
79%
79%
76%
76%
76%
73%
73%
73%
73%
73%
70%
70%
70%
70%
70%
70%
70%
67%
67%
67%
67%
64%
64%
64%
64%
64%
64%
64%
61%
61%
61%
58%
58%
58%
58%
55%
55%
52%
52%
52%
48%
48%
48%
42%

Score Distribution

Percentile by Number Answered

Percent of People with Each Score

Your Score History

You have not taken this quiz